Lineament Map of Area 6 of the New Hampshire Bedrock Aquifer Assessment, Central New Hampshire, U.S. Geological Survey, Open-File Report 98-189, Scale 1:48,000, 1998.

Bibliographic Details
Corporate Author: Geological Survey (U.S.)
Format: Government Document Book
Language:English
Published: [Place of publication not identified] : [publisher not identified], [1999?]

MARC

Tag First Indicator Second Indicator Subfields
LEADER 00000cam a22000007a 4500
001 in00000002738
005 20151007050755.0
008 990114s1999 xxu f000 0 eng d
035 |a (OCoLC) 
035 |a tmp97138899 
035 |9 AJD7742AM 
040 |a MvI  |c MvI  |d UtOrBLW 
049 |a UDOC 
074 |a 0624-H 
086 0 |a I 19.76:98-189 
245 0 0 |a Lineament Map of Area 6 of the New Hampshire Bedrock Aquifer Assessment, Central New Hampshire, U.S. Geological Survey, Open-File Report 98-189, Scale 1:48,000, 1998. 
264 1 |a [Place of publication not identified] :  |b [publisher not identified],  |c [1999?] 
336 |a text  |b txt  |2 rdacontent 
337 |a unmediated  |b n  |2 rdamedia 
338 |a volume  |b nc  |2 rdacarrier 
500 |a Shipping List #: 99-0098-P 
500 |a Shipping List Date: 01/07/99 
710 2 |a Geological Survey (U.S.) 
999 |a MARS 
999 f f |s 873097f9-d43a-3015-a5f1-304118482a93  |i 9dbb966d-95bb-331e-847e-8c317a3d3be4  |t 0 
952 f f |p normal  |a Texas A&M University  |b College Station  |c Sterling C. Evans Library  |d Evans: US Documents (Annex 5th floor)  |t 0  |e I 19.76:98-189  |h Superintendent of Documents classification  |i unmediated -- volume  |m A14824443552 
998 f f |a I 19.76:98-189  |t 0  |l Evans: US Documents (Annex 5th floor)